000 05459cam a22014174i 4500
003 PE-LiUPU
005 20250813185314.0
008 131029s2013 sp a rb 000 0 spa d
020 _a9788436830071
035 _a(Sirsi) i9788436830071
040 _aPE-LiUPU
_bspa
_cPE-LiUPU
_erda
049 _aPRUA
082 0 4 _a371.92
_bF92
100 1 _aFiuza Asorey, María José,
_eautor.
245 1 0 _aDificultades de aprendizaje y trastornos del desarrollo :
_bmanual didáctico /
_cMaría José Fiuza Asorey, María Pilar Fernández Fernández.
264 1 _aMadrid :
_bPirámide,
_c2013.
300 _a274 páginas :
_bilustraciones ;
_c24 centímetros
336 _atext
_2rdacontent
337 _aunmediated
_2rdamedia
338 _avolume
_2rdacarrier
490 0 _aColección "Psicología". Sección Pedagogía y didáctica
504 _aIncluye referencias bibliográficas.
505 0 _aAproximación teórica al estudio de las dificultades de aprendizaje y los trastornos del desarrollo en educación primaria --Introducción a las dificultades de aprendizaje y a los trastornos del desarrollo -- Las dificultades en la lectura.
526 _aP202
526 _aP201
526 _aP163
526 _aP162
526 _aP161
526 _aP160
526 _aP148
526 _aP147
526 _aP146
526 _aP145
526 _aP144
526 _aP143
526 _aP142
526 _aP141
526 _aP140
526 _aP139
526 _aP138
526 _aP137
526 _aP136
526 _aP135
526 _aP134
526 _aP133
526 _aP129
526 _aP128
526 _aP127
526 _aP120
526 _aP119
526 _aP118
526 _aP116
526 _aP115
526 _aP114
526 _aP110
526 _aP109
526 _aP108
526 _aP104
526 _aP103
526 _aP102
526 _aP99
526 _aP98
526 _aP97
526 _aP96
526 _aP95
526 _aP93
526 _aP90
526 _aP89
526 _aP88
526 _aP83
526 _aP82
526 _aP62
526 _aP59
526 _aP58
526 _aP57
526 _aP51
526 _aP49
526 _aP48
526 _aP47
526 _aP29
526 _aP24
526 _aP20
526 _aP19
526 _aP17
526 _aP15
526 _aP14
526 _aP12
526 _aP10
526 _aP09
526 _aP08
526 _aP07
526 _aP06
526 _aP05
526 _aP04
526 _aP01
541 _g0010039193;
541 _g0020-0000825;
650 0 4 _aLenguaje
_xTrastornos en niños.
_2embne
650 0 4 _aNiños con discapacidad
_xEducación.
_2embne
650 0 4 _aTrastornos de aprendizaje.
_2embne
700 1 _aFernández Fernández, Pilar,
_eautor.
910 _ajck
_cng
910 _ardg
_bjck
_crdg
_d20150805
910 _armch
_btqv
_cwelc
_d20160603
942 _2ddc
_cBOOK
949 _a371.92 F92 2013
_wDEWEY
_c1
_iFJ00045
_lCCODEBUJ1
_mBUJ
_p36.47
_r0
_sY
_tBOOK
_u2015-8-5
_xEDUCACION
_PP20
_0COMPRA
_o.STAFF. Colección General Juliaca
949 _a371.92 F92 2015
_wDEWEY
_c1
_iFJ00335
_lCCODEBUJ1
_mBUJ
_p36.04
_r0
_sY
_tBOOK
_u2016-06-09
_xEDUCACION
_PP20
_0COMPRA
_o.STAFF. Colección General Juliaca
949 _a371.92 F92
_wDEWEY
_c1
_i70484
_d2016-10-3
_e2016-9-26
_lCCODEBUL1
_mBUL
_n4
_p50.00
_r0
_sY
_tBOOK
_u2015-7-6
_xSALUD
_PP33
_0COMPRA
_o.STAFF. Colección General
949 _a371.92 F92
_wDEWEY
_c2
_i70485
_d2016-4-11
_e2016-4-7
_lCCODEBUL1
_mBUL
_n2
_p50.00
_r0
_sY
_tBOOK
_u2015-7-6
_xSALUD
_PP33
_0COMPRA
_o.STAFF. Colección General
949 _a371.92 F92
_wDEWEY
_c3
_i70486
_d2016-4-29
_e2016-4-25
_lCCODEBUL1
_mBUL
_n3
_p50.00
_r0
_sY
_tBOOK
_u2015-7-6
_xSALUD
_PP33
_0COMPRA
_o.STAFF. Colección General
949 _a371.92 F92
_wDEWEY
_c4
_i74999
_lCCODEBUL1
_mBUL
_p35.39
_r0
_sY
_tBOOK
_u2016-12-6
_xSALUD
_PP33
_0COMPRA
_o.STAFF. Colección Ciencias de la Salud
994 _aC0
_bPEPRU
596 _a1 3
999 _a371.92 F92
_wDEWEY
_c6385
_i70484
_d6385
_e2018-4-25
_f2021-11-8
_g5
_lCCODEBUL1
_mBUL
_n10
_p50.00
_q2
_r0
_sY
_tBOOK
_u2015-7-6
_xEDUCACION
_PP33
_0COMPRA
_o.STAFF. Colección Ciencias de la Salud
999 _a371.92 F92
_wDEWEY
_c2
_i70485
_d2018-6-5
_e2017-10-10
_f2021-11-8
_g5
_lCCODEBUL1
_mBUL
_n4
_p50.00
_q5
_r0
_sY
_tBOOK
_u2015-7-6
_xEDUCACION
_PP33
_0COMPRA
_o.STAFF. Colección Ciencias de la Salud
999 _a371.92 F92
_wDEWEY
_c3
_i70486
_d2018-4-19
_e2018-4-9
_f2021-11-8
_g5
_lCCODEBUL1
_mBUL
_n5
_p50.00
_q1
_r0
_sY
_tBOOK
_u2015-7-6
_xEDUCACION
_PP33
_0COMPRA
_o.STAFF. Colección Ciencias de la Salud
999 _a371.92 F92
_wDEWEY
_c4
_i74999
_d2019-6-17
_e2017-10-24
_f2021-11-8
_g4
_lCCODEBUL1
_mBUL
_n3
_p35.39
_q2
_r0
_sY
_tBOOK
_u2016-12-6
_xEDUCACION
_PP33
_0COMPRA
_o.STAFF. Colección Ciencias de la Salud
999 _a371.92 F92 2013
_wDEWEY
_c1
_iFJ00045
_d2019-10-17
_e2019-10-14
_f2022-1-18
_g2
_lCCODEBUJ1
_mBUJ
_n4
_p36.47
_q4
_r0
_sY
_tBOOK
_u2015-8-5
_xEDUCACION
_PP20
_0COMPRA
_o.STAFF. Colección General Juliaca
999 _a371.92 F92 2015
_wDEWEY
_c1
_iFJ00335
_d2019-5-14
_e2019-5-10
_f2022-1-18
_g2
_lCCODEBUJ1
_mBUJ
_n4
_p36.04
_q1
_r0
_sY
_tBOOK
_u2016-6-9
_xEDUCACION
_PP20
_0COMPRA
_o.STAFF. Colección General Juliaca
980 _81
_gALBERTO SANCHEZ Responsable de Automatización